|
|
|
|
| LEADER |
00731nab#a2200289#ar4500 |
| 001 |
000004621 |
| 003 |
SVKKK |
| 005 |
20031007090721.0 |
| 008 |
031007c1996 e sloo |
| FMT |
|
|
|
| 038 |
|
|
|a SVKKK
|
| 040 |
|
|
|a SVKKK
|b slo
|e AACR2
|
| 041 |
0 |
|
|a slo
|
| 080 |
|
|
|a 36
|2 1981
|
| 100 |
0 |
|
|a jm
|4 aut
|
| 245 |
1 |
0 |
|a Založili stabilitu :
|b Nová poisťovňa od 1.januára 1997
|c jm ,
|
| 260 |
|
|
|c 1996
|
| 650 |
0 |
4 |
|a informácie
|
| 650 |
0 |
4 |
|a poisťovníctvo
|z Stabilita (doplnková dôchodková poisťovňa)
|
| 650 |
0 |
4 |
|a vznik
|z Košice
|
| 773 |
0 |
|
|t Košický večer
|g Roč. 7, č. 108(1996), dát. 0604, s. 2
|
| 957 |
|
|
|a Košice
|
| 974 |
|
|
|a Cr
|
| 992 |
|
|
|a RBX
|
| BAS |
|
|
|
| 852 |
|
|
|a SVKKK
|b BIB
|
| 998 |
|
|
|a REG
|